Catálogo de las aves observadas en Andalucía / (Record no. 158067)

MARC details
000 -LEADER
campo de control de longitud fija 00880nam a22002055i 4500
001 - NÚMERO DE CONTROL
campo de control 158067
003 - IDENTIFICADOR DE NÚMERO DE CONTROL
campo de control ES-MaACL
005 - FECHA Y HORA DE LA ÚLTIMA TRANSACCIÓN
campo de control 20250907063120.0
008 - DATOS DE LONGITUD FIJA--INFORMACIÓN GENERAL
campo de control de longitud fija 990701s1861 sp |||| | spa d
080 ## - NÚMERO DE LA CLASIFICACIÓN DECIMAL UNIVERSAL
Número de la Clasificación Decimal Universal 598.2(460.35)
100 1# - ENTRADA PRINCIPAL--NOMBRE DE PERSONA
Nombre de persona López Seoane, Víctor,
Fechas asociadas al nombre 1834-1900
9 (RLIN) 129059
245 10 - MENCIÓN DEL TÍTULO
Título Catálogo de las aves observadas en Andalucía /
Mención de responsabilidad, etc. por Víctor López Seoane y Pardo Montenegro.
260 ## - PUBLICACIÓN, DISTRIBUCIÓN, ETC.
Lugar de publicación, distribución, etc. Madrid :
Nombre del editor, distribuidor, etc. Imp. y Librería de Don Eusebio Aguado,
Fecha de publicación, distribución, etc. 1861.
300 ## - DESCRIPCIÓN FÍSICA
Extensión 62 p. ;
Dimensiones 21 cm.
530 ## - NOTA DISPONIBLE DE FORMULARIO FÍSICO ADICIONAL
Nota de formato físico adicional disponible Disponible en formato digital.
650 #4 - PUNTO DE ACCESO ADICIONAL DE MATERIA--TÉRMINO DE MATERIA
Término de materia o nombre geográfico como elemento de entrada Aves-
Subdivisión geográfica Andalucía.
9 (RLIN) 150807
852 ## - LOCALIZACIÓN
Ubicación ES-MaACL
Número de control de estantería T-81-F-21
Nota libre - Enc. hol., falto de cub. original
-- - Enc. en un vol. facticio
-- - Dedicatoria autógrafa del autor
856 4# - LOCALIZACIÓN Y ACCESO ELECTRÓNICOS
Identificador Uniforme de Recursos <a href="http://biblioteca.galiciana.gal/es/consulta/registro.do?id=4810 ">http://biblioteca.galiciana.gal/es/consulta/registro.do?id=4810 </a>
Nota pública Biblioteca Dixital de Galicia
Holdings
Estatus retirado Estado de pérdida Estado de daño No para préstamo Colección Biblioteca de origen Biblioteca actual Ubicación en estantería Fecha de adquisición Total de préstamos Signatura topográfica completa Código de barras Visto por última vez Precio de reemplazo Tipo de ítem Koha
        Colección de folletos Biblioteca del Ateneo de Madrid Biblioteca del Ateneo de Madrid Depósito folletos 17/01/2008   T-81-F-21 1165431 23/02/2023 23/02/2023 Folleto